Resultados TIMSS 2011 Chile: estudio internacional de tendencias en Matemática y Ciencias
Gespeichert in:
| Körperschaft: | |
|---|---|
| Format: | Buch |
| Sprache: | Spanisch |
| Veröffentlicht: |
Santiago
Timss and Pirls
2011
|
| Schlagworte: | |
| Tags: |
Tag hinzufügen
Keine Tags, Fügen Sie den ersten Tag hinzu!
|
MARC
| LEADER | 00000cam a2200000 a 4500 | ||
|---|---|---|---|
| 001 | UCF9004 | ||
| 003 | CL-VaPUC | ||
| 008 | 131018e20110000cl |||||||||||||||||spa|d | ||
| 082 | 0 | 4 | |a 371.26013 |b AGE |2 21 |
| 110 | 2 | |a Agencia de Calidad de la Educación |e author |9 571147 | |
| 245 | 1 | 0 | |a Resultados TIMSS 2011 Chile: estudio internacional de tendencias en Matemática y Ciencias |
| 300 | |a 73 p | ||
| 942 | |c BK | ||
| 945 | |d 20131018 14:00:00 |a dcastane | ||
| 260 | |a Santiago |b Timss and Pirls |c 2011 | ||
| 650 | 0 | |a Evaluación de la educación |9 237505 | |
| 650 | 7 | |a RESULTADOS |2 CL-VaPUC |9 372968 | |
| 650 | 0 | |a Matemática |9 260235 | |
| 650 | 0 | |a Ciencias |9 327866 | |
| 583 | |a last modification |c 20131018 14:00:00 |k Rodrigo Vera | ||
| 999 | |c 353490 |d 353488 | ||
| 952 | |0 0 |1 0 |3 erb |4 0 |6 371_260130000000000_AGE_2011 |7 0 |8 A |9 458749 |a BIBEDU |b BIBEDU |d 2019-11-23 |i 5018501 |o 371.26013 AGE 2011 |p 5018501 |r 2019-11-23 |w 2019-11-23 |y BK |z Catalogado en:20131018 |k EPE | ||
| 952 | |0 0 |1 0 |3 erb |4 0 |6 371_260130000000000_AGE_2011 |7 0 |8 A |9 458750 |a BIBEDU |b BIBEDU |d 2019-11-23 |i 501851K |o 371.26013 AGE 2011 |p 501851K |r 2019-11-23 |w 2019-11-23 |y BK |z Catalogado en:20131018 |k EPE | ||
| 952 | |0 0 |1 0 |3 erb |4 0 |6 371_260130000000000_AGE_2011 |7 0 |8 A |9 458751 |a BIBEDU |b BIBEDU |d 2019-11-23 |i 5018528 |o 371.26013 AGE 2011 |p 5018528 |r 2019-11-23 |w 2019-11-23 |y BK |z Catalogado en:20131018 |k EPE | ||
| 952 | |0 0 |1 0 |3 erb |4 0 |6 371_260130000000000_AGE_2011 |7 0 |8 A |9 458752 |a BIBEDU |b BIBEDU |d 2019-11-23 |i 5018536 |o 371.26013 AGE 2011 |p 5018536 |r 2019-11-23 |w 2019-11-23 |y BK |z Catalogado en:20131018 |k EPE | ||
| 952 | |0 0 |1 0 |3 erb |4 0 |6 371_260130000000000_AGE_2011 |7 0 |8 A |9 458753 |a BIBEDU |b BIBEDU |d 2019-11-23 |i 5018544 |o 371.26013 AGE 2011 |p 5018544 |r 2019-11-23 |w 2019-11-23 |y BK |z Catalogado en:20131018 |k EPE | ||
| 952 | |0 0 |1 0 |3 erb |4 0 |6 371_260130000000000_AGE_2011 |7 0 |8 A |9 458766 |a BIBMAT |b BIBMAT |c E_DIDACT |d 2019-11-23 |i 502224K |o 371.26013 AGE 2011 |p 502224K |r 2025-01-07 |w 2019-11-23 |y BK |z Catalogado en:20131018 |k MAT | ||